<?xml version="1.0" encoding="UTF-8"?>
<record
    xmlns:xsi="http://www.w3.org/2001/XMLSchema-instance"
    xsi:schemaLocation="http://www.loc.gov/MARC21/slim http://www.loc.gov/standards/marcxml/schema/MARC21slim.xsd"
    xmlns="http://www.loc.gov/MARC21/slim">

  <leader>01758nam0a22003371  4500</leader>
  <controlfield tag="001">rc\3995155</controlfield>
  <controlfield tag="005">20250611051012.0</controlfield>
  <datafield tag="021" ind1=" " ind2=" ">
    <subfield code="a">RU</subfield>
    <subfield code="b">[51-7533]</subfield>
  </datafield>
  <datafield tag="035" ind1=" " ind2=" ">
    <subfield code="a">(NLR Aleph) 008069809</subfield>
  </datafield>
  <datafield tag="090" ind1=" " ind2=" ">
    <subfield code="a">9055609</subfield>
    <subfield code="c">9055609</subfield>
  </datafield>
  <datafield tag="100" ind1=" " ind2=" ">
    <subfield code="a">20130415d1951    |||y0rusy50      ca</subfield>
  </datafield>
  <datafield tag="101" ind1="0" ind2=" ">
    <subfield code="a">rus</subfield>
  </datafield>
  <datafield tag="102" ind1=" " ind2=" ">
    <subfield code="a">RU</subfield>
  </datafield>
  <datafield tag="105" ind1=" " ind2=" ">
    <subfield code="a">a   z   |||||</subfield>
  </datafield>
  <datafield tag="200" ind1="1" ind2=" ">
    <subfield code="a">&#x41C;&#x430;&#x433;&#x43D;&#x438;&#x435;&#x432;&#x44B;&#x435; &#x434;&#x435;&#x444;&#x43E;&#x440;&#x43C;&#x438;&#x440;&#x443;&#x435;&#x43C;&#x44B;&#x435; &#x441;&#x43F;&#x43B;&#x430;&#x432;&#x44B;</subfield>
    <subfield code="a">&#x416;&#x430;&#x440;&#x43E;&#x43F;&#x440;&#x43E;&#x447;&#x43D;&#x44B;&#x435; &#x43B;&#x435;&#x433;&#x43A;&#x438;&#x435; &#x441;&#x43F;&#x43B;&#x430;&#x432;&#x44B;</subfield>
  </datafield>
  <datafield tag="210" ind1=" " ind2=" ">
    <subfield code="a">&#x41C;&#x43E;&#x441;&#x43A;&#x432;&#x430;</subfield>
    <subfield code="c">&#x41C;&#x430;&#x448;&#x433;&#x438;&#x437;</subfield>
    <subfield code="d">1951</subfield>
  </datafield>
  <datafield tag="215" ind1=" " ind2=" ">
    <subfield code="a">39 &#x441;.</subfield>
    <subfield code="c">&#x447;&#x435;&#x440;&#x442;.</subfield>
    <subfield code="d">20</subfield>
  </datafield>
  <datafield tag="225" ind1="1" ind2=" ">
    <subfield code="a">&#x412;&#x441;&#x435;&#x441;&#x43E;&#x44E;&#x437;&#x43D;&#x43E;&#x435; &#x43D;&#x430;&#x443;&#x447;&#x43D;&#x43E;&#x435; &#x438;&#x43D;&#x436;&#x435;&#x43D;&#x435;&#x440;&#x43D;&#x43E;-&#x442;&#x435;&#x445;&#x43D;&#x438;&#x447;&#x435;&#x441;&#x43A;&#x43E;&#x435; &#x43E;&#x431;&#x449;&#x435;&#x441;&#x442;&#x432;&#x43E; &#x43C;&#x430;&#x448;&#x438;&#x43D;&#x43E;&#x441;&#x442;&#x440;&#x43E;&#x438;&#x442;&#x435;&#x43B;&#x435;&#x439; "&#x412;&#x41D;&#x418;&#x422;&#x41E;&#x41C;&#x410;&#x428;". &#x41A;&#x43E;&#x43C;&#x438;&#x442;&#x435;&#x442; &#x43C;&#x435;&#x442;&#x430;&#x43B;&#x43B;&#x43E;&#x432;&#x435;&#x434;&#x435;&#x43D;&#x438;&#x44F; &#x438; &#x442;&#x435;&#x440;&#x43C;&#x438;&#x447;&#x435;&#x441;&#x43A;&#x43E;&#x439; &#x43E;&#x431;&#x440;&#x430;&#x431;&#x43E;&#x442;&#x43A;&#x438;. &#x417;&#x430;&#x43E;&#x447;&#x43D;&#x44B;&#x435; &#x43A;&#x443;&#x440;&#x441;&#x44B; &#x443;&#x441;&#x43E;&#x432;&#x435;&#x440;&#x448;&#x435;&#x43D;&#x441;&#x442;&#x432;&#x43E;&#x432;&#x430;&#x43D;&#x438;&#x44F; &#x438;&#x43D;&#x436;&#x435;&#x43D;&#x435;&#x440;&#x43E;&#x432; &#x43C;&#x435;&#x442;&#x430;&#x43B;&#x43B;&#x43E;&#x432;&#x435;&#x434;&#x43E;&#x432;-&#x442;&#x435;&#x440;&#x43C;&#x438;&#x441;&#x442;&#x43E;&#x432;</subfield>
    <subfield code="v">35</subfield>
  </datafield>
  <datafield tag="300" ind1=" " ind2=" ">
    <subfield code="a">&#x41F;&#x435;&#x440;&#x435;&#x434; &#x437;&#x430;&#x433;&#x43B;. &#x430;&#x432;&#x442;.: &#x43F;&#x440;&#x43E;&#x444;. &#x434;-&#x440; &#x442;&#x435;&#x445;&#x43D;. &#x43D;&#x430;&#x443;&#x43A; &#x421;.&#x41C;. &#x412;&#x43E;&#x440;&#x43E;&#x43D;&#x43E;&#x432; &#x438; &#x43A;&#x430;&#x43D;&#x434;. &#x442;&#x435;&#x445;&#x43D;. &#x43D;&#x430;&#x443;&#x43A; &#x41C;.&#x415;. &#x420;&#x430;&#x431;&#x438;&#x43D;&#x43E;&#x432;&#x438;&#x447;</subfield>
  </datafield>
  <datafield tag="300" ind1=" " ind2=" ">
    <subfield code="a">&#x41D;&#x430; &#x43E;&#x431;&#x43B;. &#x437;&#x430;&#x433;&#x43B;. &#x441;&#x435;&#x440;&#x438;&#x438;: &#x417;&#x430;&#x43E;&#x447;. &#x43A;&#x443;&#x440;&#x441;&#x44B; &#x43F;&#x43E; &#x43C;&#x435;&#x442;&#x430;&#x43B;&#x43B;&#x43E;&#x432;&#x435;&#x434;&#x435;&#x43D;&#x438;&#x44E; &#x438; &#x442;&#x435;&#x440;&#x43C;. &#x43E;&#x431;&#x440;&#x430;&#x431;&#x43E;&#x442;&#x43A;&#x435;</subfield>
  </datafield>
  <datafield tag="320" ind1=" " ind2=" ">
    <subfield code="a">&#x411;&#x438;&#x431;&#x43B;&#x438;&#x43E;&#x433;&#x440;.: &#x441;. 38 (23 &#x43D;&#x430;&#x437;&#x432;.)</subfield>
  </datafield>
  <datafield tag="606" ind1=" " ind2=" ">
    <subfield code="a">&#x416;&#x430;&#x440;&#x43E;&#x443;&#x43F;&#x43E;&#x440;&#x43D;&#x44B;&#x435; &#x441;&#x43F;&#x43B;&#x430;&#x432;&#x44B;</subfield>
    <subfield code="2">psbo</subfield>
  </datafield>
  <datafield tag="606" ind1=" " ind2=" ">
    <subfield code="a">&#x41C;&#x430;&#x433;&#x43D;&#x438;&#x435;&#x432;&#x44B;&#x435; &#x441;&#x43F;&#x43B;&#x430;&#x432;&#x44B;</subfield>
    <subfield code="2">psbo</subfield>
  </datafield>
  <datafield tag="700" ind1=" " ind2="1">
    <subfield code="4">070</subfield>
    <subfield code="7">ca</subfield>
    <subfield code="8">rus</subfield>
    <subfield code="a">&#x412;&#x43E;&#x440;&#x43E;&#x43D;&#x43E;&#x432;</subfield>
    <subfield code="b">&#x421;. &#x41C;.</subfield>
    <subfield code="c">&#x434;-&#x440; &#x442;&#x435;&#x445;&#x43D;. &#x43D;&#x430;&#x443;&#x43A;, &#x43C;&#x435;&#x442;&#x430;&#x43B;&#x43B;&#x443;&#x440;&#x433;</subfield>
    <subfield code="f">1899-1953</subfield>
    <subfield code="g">&#x421;&#x430;&#x432;&#x432;&#x430;&#x442;&#x438;&#x439; &#x41C;&#x438;&#x445;&#x430;&#x439;&#x43B;&#x43E;&#x432;&#x438;&#x447;</subfield>
    <subfield code="9">2641424</subfield>
    <subfield code="3">RU\NLR\AUTH\770272977</subfield>
  </datafield>
  <datafield tag="701" ind1=" " ind2="1">
    <subfield code="a">&#x420;&#x430;&#x431;&#x438;&#x43D;&#x43E;&#x432;&#x438;&#x447;</subfield>
    <subfield code="b">&#x41C;.&#x415;.</subfield>
  </datafield>
  <datafield tag="801" ind1=" " ind2="0">
    <subfield code="a">RU</subfield>
    <subfield code="b">NLR</subfield>
    <subfield code="g">psbo</subfield>
  </datafield>
  <datafield tag="801" ind1=" " ind2="1">
    <subfield code="a">RU</subfield>
    <subfield code="b">ELAR</subfield>
    <subfield code="2">rusmarc</subfield>
  </datafield>
  <datafield tag="852" ind1=" " ind2=" ">
    <subfield code="a">NLR</subfield>
    <subfield code="j">&#x422;30 &#x413;-4/212-35</subfield>
  </datafield>
  <datafield tag="942" ind1=" " ind2=" ">
    <subfield code="c">BOOK</subfield>
  </datafield>
  <datafield tag="980" ind1=" " ind2=" ">
    <subfield code="a">NB</subfield>
  </datafield>
  <datafield tag="995" ind1=" " ind2=" ">
    <subfield code="5">2013-10-26</subfield>
    <subfield code="b">NLR02</subfield>
    <subfield code="c">NLR02</subfield>
    <subfield code="e">RFS</subfield>
    <subfield code="f">8069809-10</subfield>
    <subfield code="k">&#x422;30 &#x413;-4/212-35</subfield>
    <subfield code="o">0</subfield>
    <subfield code="r">BOOK</subfield>
    <subfield code="s">30_421235</subfield>
  </datafield>
</record>
